| 000 | 00372nam a22001457a 4500 | ||
|---|---|---|---|
| 999 |
_c6107 _d6105 |
||
| 005 | 20210827104459.0 | ||
| 008 | 200316b xxu||||| |||| 00| 0 eng d | ||
| 041 | _aeng | ||
| 082 | _a342.442 330 | ||
| 100 |
_aJAYASURIYA,D C _95195 |
||
| 245 | _aREGULATION OF PHARMACEUTICAL IN DEVELOPING COUNTRIES | ||
| 260 |
_aDELHI _bCBS _c1991 |
||
| 650 |
_aPHARMACY _96761 |
||
| 942 | _cBK | ||